000 00620nam a2200229Ia 4500
003 OSt
005 20220926012401.0
006 a|||||r|||| 00| 0
007 ta
008 220923b |||||||| |||| 00| 0 eng d
037 _cGeneral Book
040 _aRTL
_cRTL
_beng
041 _2eng
_aeng
082 _aY:411, K0
100 _aLolli Giorgic
_9316345
245 0 _aSocial drinking
_b The effects of alcohol
260 _aNew York
_bCollier Books
_c1960
300 _a287p
_ccm.
500 _aAppendix : P 278
942 _hY:411, K0
_cGB
_2CC
999 _c622750
_d622750